Nintendo Characters by Picture A-Z - Statistics

General Stats
  • This quiz has been taken 481 times
    469 since last reset
  • The average score is 21 of 23
Answer Stats
Picture Hint Answer % Correct
B Bowser
99%
D Donkey Kong
98%
M Mario
98%
P Princess Peach
97%
T Toad
97%
W Wario
97%
Y Yoshi
97%
Z Zelda
97%
K Kirby
96%
L Link
95%
A Ash Ketchum
94%
C Charizard
94%
E Eevee
90%
F Fox McCloud
89%
J Jigglypuff
88%
R R.O.B.
84%
S Samus
83%
H Hammer Bro
81%
I Isabelle
81%
V Villager
81%
N Ness
78%
G Ganondorf
73%
O Olimar
64%
No matching quizzes found
Score Distribution
Percent of People with Each Score
Percentile by Number Answered
Your Score History
You have not taken this quiz since the last reset